00410nam a22001337a 4500020001400000040000900014082001700023100002400040110004200064245005000106250002200156260004800178650005000226 a007100405 cNUST a620.106bDAU aRobert L. Daugherty aJoseph B. Franzini, E. John Finnemore aFluid Mechanics with Engineering Applications aSI Metric Edition aPakistan:bNational Book Foundation,c1989. 2Fluid Mechanics with Engineering Applications